Normal view
MARC view
- Rao, R. Raj
Entry Personal Name
001 - CONTROL NUMBER
- control field: 81989
003 - CONTROL NUMBER IDENTIFIER
- control field: NUST
005 - DATE AND TIME OF LATEST TRANSACTION
- control field: 20210901140102.0
008 - FIXED-LENGTH DATA ELEMENTS
- fixed length control field: 210901|| aca||aabn | a|a d
040 ## - CATALOGING SOURCE
- Original cataloging agency: NUST
- Transcribing agency: NUST
100 ## - HEADING--PERSONAL NAME
- Personal name: Rao, R. Raj
670 ## - SOURCE DATA FOUND
- Source citation: Work cat.: (NUST)0: Rao, R. Raj, The boyfriend /, 2003
